<?xml version="1.0" encoding="UTF-8"?><?xml-stylesheet type="text/xsl" href="static/style.xsl"?><OAI-PMH xmlns="http://www.openarchives.org/OAI/2.0/" xmlns:xsi="http://www.w3.org/2001/XMLSchema-instance" xsi:schemaLocation="http://www.openarchives.org/OAI/2.0/ http://www.openarchives.org/OAI/2.0/OAI-PMH.xsd"><responseDate>2026-04-17T18:36:37Z</responseDate><request verb="GetRecord" identifier="oai:www.recercat.cat:10230/68627" metadataPrefix="marc">https://recercat.cat/oai/request</request><GetRecord><record><header><identifier>oai:recercat.cat:10230/68627</identifier><datestamp>2025-12-21T01:46:52Z</datestamp><setSpec>com_2072_6</setSpec><setSpec>col_2072_452953</setSpec></header><metadata><record xmlns="http://www.loc.gov/MARC21/slim" xmlns:dcterms="http://purl.org/dc/terms/" xmlns:xsi="http://www.w3.org/2001/XMLSchema-instance" xmlns:doc="http://www.lyncode.com/xoai" xsi:schemaLocation="http://www.loc.gov/MARC21/slim http://www.loc.gov/standards/marcxml/schema/MARC21slim.xsd">
   <leader>00925njm 22002777a 4500</leader>
   <datafield ind2=" " ind1=" " tag="042">
      <subfield code="a">dc</subfield>
   </datafield>
   <datafield ind2=" " ind1=" " tag="720">
      <subfield code="a">Alaoui, Larbi</subfield>
      <subfield code="e">author</subfield>
   </datafield>
   <datafield ind2=" " ind1=" " tag="720">
      <subfield code="a">Penta, Antonio</subfield>
      <subfield code="e">author</subfield>
   </datafield>
   <datafield ind2=" " ind1=" " tag="260">
      <subfield code="c">2024-11-14T10:09:52Z</subfield>
   </datafield>
   <datafield ind2=" " ind1=" " tag="260">
      <subfield code="c">2024-11-14T10:09:52Z</subfield>
   </datafield>
   <datafield ind2=" " ind1=" " tag="260">
      <subfield code="c">2022-03-21</subfield>
   </datafield>
   <datafield ind2=" " ind1=" " tag="260">
      <subfield code="c">2024-11-14T10:08:33Z</subfield>
   </datafield>
   <datafield ind2=" " ind1=" " tag="520">
      <subfield code="a">Individuals often attach a special meaning to obtaining a certain goal, and getting past a threshold marks the difference between what they consider a success or a failure. In this paper we take a standard von Neumann-Morgenstern Expected Utility setting with an exogenous reference point that separates success from failure, and define attitudes towards success and failure as features of preferences over lotteries. The distinctive feature of our definitions is that they all concern a local reversal of the decision maker&amp;apos;s risk attitude between riskaversion and risk-lovingness across the reference point. Our findings provide a unified view of several well-known models of reference-dependent preferences in economics, finance and psychology, and also include novel representations. Moreover, we introduce orderings over the primitive space of preferences to define different attitudes with which each attitudes can be displayed, and characterize them in terms of the representation, with indices analogous to the well-known Arrow-Pratt index of risk aversion. Our findings shed new light on frequently used notions of reference-dependent preferences, and suggest that new comparative statics analyses be conducted in these settings. Finally, we argue that our framework may prove useful to incorporate, within a standard economic model, behavioral manifestations of personality traits that have received increasing attention within the empirical economics literature.</subfield>
   </datafield>
   <datafield tag="653" ind2=" " ind1=" ">
      <subfield code="a">expected utility; loss aversion; aspirations; risk aversion; reference-dependence</subfield>
   </datafield>
   <datafield tag="653" ind2=" " ind1=" ">
      <subfield code="a">Microeconomics</subfield>
   </datafield>
   <datafield ind2="0" ind1="0" tag="245">
      <subfield code="a">Attitudes towards success and failure</subfield>
   </datafield>
   <datafield ind2="0" ind1="0" tag="245">
      <subfield code="a"/>
   </datafield>
</record></metadata></record></GetRecord></OAI-PMH>